Score 0/29 Timer 03:00
2 Plays Today
Hint 4-Letter Word % Correct
A bird's mouth BEAK
96.5%
• A tree's outer layer ••BARK•
95.7%
A borrowed sum to be paid back with interestLOAN
95.4%
• Orange and red object shed by trees ••LEAF•
95.1%
Bullets are made of thisLEAD
94.4%
An uninteresting person BORE
93.2%
The zenith of a mountain PEAK
93.2%
An often red fixture of most farms BARN
93%
• Tree known for its plentiful needles ••PINE•
92.8%
To put a car into immobility PARK
92.5%
To place dishes in a dishwasher LOAD
92.3%
Brought to lifeBORN
92.3%
A tiny opening in the skin PORE
91.8%
Michael Jackson song: '___ It' BEAT
91.4%
Black, grizzly, or polar, e.g. BEAR
91.3%
Hint 4-Letter Word % Correct
• A bird's home among the branches ••NEST•
91%
Tarzan's mode of transportationVINE
90%
Tidy or well-designed NEAT
88.2%
Gentle Facebook action for getting one's attention POKE
88.1%
Upper-body article of clothing without sleevesVEST
87.7%
An advantage gained by associationPERK
87.3%
To let your frustrations out VENT
86.2%
To cook meatSEAR
83.1%
A long staff with a sharpened endPIKE
82.8%
• This is germinated to grow certain trees ••SEED•
81.7%
Another name for a prophet or diviner SEER
79.6%
• A tree native to West Africa ••VÈNE•
77.8%
Hit a batter with the pitchBEAN
74.8%
'Lawrence of Arabia' director DavidLEAN
74.6%

Today's Daily Dose

You're not logged in!

Compare scores with friends on all Sporcle quizzes.
OR
Log In

Sporcle TV

Today on Sporcle TV


Watch our educational content, quiz creation guides, and fun videos on Sporcle TV.

Show Comments

Extras

Top Quizzes Today


Score Distribution

Paid Content

Your Account Isn't Verified!

In order to create a playlist on Sporcle, you need to verify the email address you used during registration. Go to your Sporcle Settings to finish the process.

Report this User

Report this user for behavior that violates our Community Guidelines.

Details: